Efektívny dopyt po vybraných kultúrnych podujatiach na Slovensku
Analýza uspokojenia dopytu po vybraných kultúrnych, hudobných podujatiach na Slovensku z hľadiska cestovného ruchu.
Na minha lista:
| Autor principal: | |
|---|---|
| Formato: | Capítulo de Livro |
| Idioma: | eslovaco |
| Assuntos: | |
| Tags: |
Sem tags, seja o primeiro a adicionar uma tag!
|
MARC
| LEADER | 00000naa a2200000 4500 | ||
|---|---|---|---|
| 001 | 0192461 | ||
| 005 | 20231128131937.3 | ||
| 041 | 0 | |a slo | |
| 044 | |a CZ | ||
| 245 | 1 | 0 | |a Efektívny dopyt po vybraných kultúrnych podujatiach na Slovensku |c Kristína Pompurová |
| 520 | |a Analýza uspokojenia dopytu po vybraných kultúrnych, hudobných podujatiach na Slovensku z hľadiska cestovného ruchu. | ||
| 610 | 2 | 0 | |a Slovensko |
| 610 | 2 | 0 | |a turistika |
| 610 | 2 | 0 | |a kultúra |
| 610 | 2 | 0 | |a hudba |
| 610 | 2 | 0 | |a ruch cestovný |
| 100 | 1 | |a Pompurová, Kristína | |